| 000 | 00476cam a2200193ua 4500 | ||
|---|---|---|---|
| 001 | 5320 | ||
| 005 | 20260515113849.0 | ||
| 008 | 120808n ii |||gr||||Z||||||eng | ||
| 020 | _a0-00207-094-4 | ||
| 040 | _cMAIN | ||
| 082 | _a823 | ||
| 100 |
_aDickens, Charles, _eAuthor, |
||
| 245 | 1 | 1 |
_aDavid copperfield _cby Charles Dickens |
| 250 | _a33rd. | ||
| 260 |
_aHyderabad: _bOrient longman ltd., _c1995. |
||
| 300 |
_a136p: _c15cm. |
||
| 653 | _aEnglish fiction | ||
| 942 | _cBK | ||
| 999 |
_c4497 _d4497 |
||